Diagnóstico de la capacidad de prestación de servicios de la Universidad de Costa Rica
Furkejuvvon:
| Váldodahkki: | |
|---|---|
| Eará dahkkit: | |
| Materiálatiipa: | Girji |
| Almmustuhtton: |
San José, Costa Rica
1990
|
| Fáttát: | |
| Fáddágilkorat: |
Lasit fáddágilkoriid
Eai fáddágilkorat, Lasit vuosttaš fáddágilkora!
|
MARC
| LEADER | 00000nam a2200000Ia 4500 | ||
|---|---|---|---|
| 003 | 007342 | ||
| 005 | 20221231144305.0 | ||
| 008 | 140114s1990 cr a m 000 ||s d | ||
| 040 | |c cru CEDI | ||
| 090 | |a TFG 3072 | ||
| 100 | |a Barley Gayle, Dunia |9 11459 | ||
| 245 | |a Diagnóstico de la capacidad de prestación de servicios de la Universidad de Costa Rica | ||
| 260 | |c 1990 |a San José, Costa Rica | ||
| 300 | |a xv, [223] hojas ; 27 cm | ||
| 500 | |a Tesis (licenciatura en ingenieria industrial)--Universidad de Costa Rica. Facultad de Ingeniería. Escuela de Ingeniería Industrial | ||
| 650 | |x TRANSFERENCIA DE TECNOLOGIA |x EXTENSION UNIVERSITARIA - COSTA RICA |9 11461 | ||
| 700 | |9 11460 |a Murillo Valerio, Ovidio | ||
| 942 | |c TFG |2 ddc | ||
| 999 | |c 19672 |d 19672 | ||
